Las Reservas forestales

Sparad:
Bibliografiska uppgifter
Huvudupphovsman: González Meza, Rodrigo
Materialtyp: Text
Publicerad: San José: MAG. Dirección General Forestal
Taggar: Lägg till en tagg
Inga taggar, Lägg till första taggen!

MARC

LEADER 00000 a a2200000 04500
001 15900
003
040
090 |a 015200  
100 |a González Meza, Rodrigo  
245 |a Las Reservas forestales  
260 |a San José:   |b MAG. Dirección General Forestal  
300 |a 10 p.  
999 |c 16382  |d 16382